000 00620nam a2200265Ia 4500
005 20260306164106.0
008 008 260114s9999 xx 000 0 eng d
020 _a9781474435031
037 _aEBOOK
040 _aCRL
040 _beng
040 _cCRL
041 _2eng
041 _aeng
084 _qCRL
100 _aWilken, Clemens
_91129980
245 4 _aThe Afterlives Of Georges Perec
260 _bEdinburgh University Press
260 _c2018
650 _aPhilosophy
856 _uhttps://academic.oup.com/book/30682
942 _cEBOOK
999 _c1712721
_d1712721